| 000 | 009490000a22002770004500 | ||
|---|---|---|---|
| 001 | 48729 | ||
| 010 | _a972-575-097-7 | ||
| 021 |
_aPT _b34175/90 |
||
| 090 | _a48729 | ||
| 100 | _a20030210d2003 k y0pory5003 ba | ||
| 101 | 0 | _apor | |
| 102 | _aPT | ||
| 200 | 1 |
_aPéricles _ePríncipe de Tyro _fWilliam Shakespear _gadapt. Charles Lamb e Mary Lamb _gilust. Cristina Malaquias |
|
| 210 |
_aLisboa _cContexto _d1990 |
||
| 215 |
_a38 p _d18 cm |
||
| 225 | 2 |
_aContos de Shakespeare _v19 |
|
| 304 | _aTítulo original: Pericles, prince of tyre | ||
| 606 |
_aLiteratura inglesa _xConto |
||
| 675 |
_a821.111-34"19" _vBN _zpor |
||
| 700 | 1 |
_aShakespear _bWilliam _f1564-1616 |
|
| 702 | 1 |
_926747 _4010 _aLamb _bCharles _f1775-1834 |
|
| 702 |
_926752 _4010 _aLamb _bMary _f1764-1847 |
||
| 702 |
_931314 _4730 _aMelo _bMaria Adélia Silva |
||
| 702 |
_929403 _4440 _aMalaquias _bCristina |
||
| 942 |
_cMON _n0 |
||
| 999 |
_a48729 _bBibliobase - BEBDPPC _c2019-01-21 |
||